[Event "Rheinhausen-ch 19th"]
[Site "Duisburg Rheinhausen"]
[Date "2015.01.09"]
[Round "1"]
[White "Brockhaus, Bernd"]
[Black "Schumacher, Peter"]
[Result "1-0"]
[WhiteElo "1974"]
[BlackElo "1523"]
[PlyCount "63"]
[EventDate "2015.01.09"]
[EventType "swiss"]
[EventRounds "7"]
[EventCountry "GER"]
[SourceTitle "EXT 2018"]
[Source "ChessBase"]
[SourceDate "2017.10.13"]
[SourceVersion "1"]
[SourceVersionDate "2017.10.13"]
[SourceQuality "1"]

1. e4 c6 2. d4 d5 3. e5 Bf5 4. g4 Bd7 5. h3 c5 6. c3 Nc6 7. Nf3 cxd4 8. cxd4 e6 9. a3 Be7 10. Nc3 f6 11. Bd3 fxe5 12. dxe5 Bc5 13. 0-0 Nge7 14. Qc2 g6 15. Bh6 Nd4 16. Nxd4 Bxd4 17. Bg7 Rg8 18. Bf6 Rc8 19. Qd2 Rf8 20. Nb5 Bc5 21. Rac1 a6 22. Rxc5 axb5 23. Qb4 b6 24. Rxc8 Bxc8 25. Bxb5+ Bd7 26. Bxd7+ Kxd7 27. Qb5+ Kc7 28. Rc1+ Kb7 29. Bxe7 Qxe7 30. Rc6 Qd8 31. Rd6 Qc7 32. Rd7 1-0

[Event "Rheinhausen-ch"]
[Site "Rheinhausen"]
[Date "2011.01.08"]
[Round "1"]
[White "Schumacher, Peter"]
[Black "Rivinius, Otto"]
[Result "0-1"]
[WhiteElo "1486"]
[BlackElo "1911"]
[PlyCount "68"]
[EventDate "2011.01.07"]
[EventType "swiss"]
[EventRounds "7"]
[EventCountry "GER"]
[SourceTitle "EXT 2015"]
[Source "ChessBase"]
[SourceDate "2014.11.20"]
[SourceVersion "1"]
[SourceVersionDate "2014.11.20"]
[SourceQuality "1"]

1. d4 d5 2. Nf3 Nf6 3. Bf4 e6 4. e3 c5 5. c3 Nc6 6. Bd3 Bd6 7. Bg3 0-0 8. Nbd2 Re8 9. Ne5 cxd4 10. exd4 Qc7 11. f4 Rb8 12. 0-0 b5 13. a3 a5 14. Rc1 Qb6 15. Qf3 Bb7 16. Bh4 Bxe5 17. fxe5 Nxe5 18. Qe2 Nxd3 19. Qxd3 Ne4 20. Nxe4 dxe4 21. Qd2 e5 22. Rcd1 exd4 23. Qxd4 Qxd4+ 24. Rxd4 f6 25. Rfd1 e3 26. Be1 Bc6 27. c4 bxc4 28. Rxc4 Bb5 29. Rc5 Be2 30. Rd7 Rbd8 31. Rcd5 Rc8 32. Bc3 Bg4 33. R7d6 Rxc3 34. bxc3 e2 0-1

[Event "Rheinhausen-ch 14th"]
[Site "Duisburg Rheinhausen"]
[Date "2010.01.22"]
[Round "2"]
[White "Moseler, Norbert"]
[Black "Schumacher, Peter"]
[Result "1/2-1/2"]
[WhiteElo "1329"]
[BlackElo "1624"]
[PlyCount "92"]
[EventDate "2010.01.08"]
[EventType "swiss"]
[EventRounds "7"]
[EventCountry "GER"]
[SourceTitle "EXT 2018"]
[Source "ChessBase"]
[SourceDate "2017.10.13"]
[SourceVersion "1"]
[SourceVersionDate "2017.10.13"]
[SourceQuality "1"]

1. c4 c5 2. Nf3 g6 3. Nc3 Nc6 4. g3 Bg7 5. Bg2 e5 6. e4 d6 7. 0-0 Nge7 8. d3 0-0 9. a3 a5 10. Be3 Nd4 11. Nd2 Bd7 12. Rb1 f5 13. f4 Bc6 14. Bxd4 cxd4 15. Nd5 Bxd5 16. cxd5 b5 17. Nf3 fxe4 18. dxe4 Bh6 19. Ng5 Bxg5 20. fxg5 Qd7 21. h3 Nc8 22. Rxf8+ Kxf8 23. Qf1+ Qf7 24. Rc1 Qxf1+ 25. Bxf1 b4 26. Rc6 Ke8 27. Ba6 Kd7 28. Bb5 Na7 29. Ra6+ Kc7 30. Rxa5 Kb6 31. axb4 Rc8 32. Bd3 Rc1+ 33. Kf2 Rh1 34. Ra6+ Kb7 35. b3 Rd1 36. Ke2 Rxd3 37. Rxa7+ Kxa7 38. Kxd3 Ka6 39. Kc4 Kb7 40. Kd3 Ka6 41. Kc4 Kb6 42. b5 Kb7 43. Kd3 Kc7 44. Kc4 Kb6 45. Kb4 Kb7 46. Kc4 Kb6 1/2-1/2

[Event "Duesseldorf Nord Cup 9th GrJ"]
[Site "Duesseldorf"]
[Date "2009.08.16"]
[Round "4"]
[White "Hamm, Michael"]
[Black "Schumacher, Peter"]
[Result "1-0"]
[WhiteElo "1917"]
[BlackElo "1621"]
[PlyCount "117"]
[EventDate "2009.08.14"]
[EventType "tourn"]
[EventRounds "5"]
[EventCountry "GER"]
[SourceTitle "EXT 2020"]
[Source "ChessBase"]
[SourceDate "2019.10.17"]
[SourceVersion "1"]
[SourceVersionDate "2019.10.17"]
[SourceQuality "1"]

1. e4 c6 2. d4 d5 3. exd5 cxd5 4. c4 Nf6 5. Nc3 Nc6 6. Bg5 e6 7. Nf3 Be7 8. Qb3 Na5 9. Qc2 Nxc4 10. Bxc4 dxc4 11. Qa4+ Bd7 12. Qxc4 Rc8 13. Qb3 Qc7 14. Ne5 0-0 15. 0-0 a6 16. Rac1 Bc6 17. Nxc6 bxc6 18. Qa4 Qb6 19. Rc2 Rfd8 20. Be3 Nd5 21. Ne4 f5 22. Nc5 Kf7 23. Qxa6 Qxa6 24. Nxa6 Rd6 25. a3 Ra8 26. Nc5 Bf6 27. Nd3 Ne7 28. Ne5+ Ke8 29. Rfc1 f4 30. Bxf4 Rxd4 31. Bg3 Rad8 32. Kf1 Bxe5 33. Bxe5 Rg4 34. h3 Rg5 35. f4 Rf5 36. g4 Rf7 37. Ke2 Rd5 38. Rc5 Ng6 39. Rxd5 cxd5 40. Rc8+ Kd7 41. Rc7+ Ke8 42. Rxf7 Kxf7 43. b4 Nxe5 44. fxe5 Ke7 45. Kd3 Kd7 46. b5 Kc7 47. Kd4 Kb6 48. a4 g5 49. Kc3 Kb7 50. Kb4 Ka8 51. Kc5 Kb7 52. a5 Ka7 53. a6 Kb8 54. b6 Ka8 55. Kc6 d4 56. Kc7 d3 57. b7+ Ka7 58. b8Q+ Kxa6 59. Qb6# 1-0

[Event "Rheinhausen-ch 13th"]
[Site "Duisburg Rheinhausen"]
[Date "2009.03.13"]
[Round "6"]
[White "Hamm, Michael"]
[Black "Schumacher, Peter"]
[Result "1/2-1/2"]
[WhiteElo "1655"]
[BlackElo "1480"]
[PlyCount "53"]
[EventDate "2009.01.09"]
[EventType "swiss"]
[EventRounds "7"]
[EventCountry "GER"]
[SourceTitle "EXT 2018"]
[Source "ChessBase"]
[SourceDate "2017.10.13"]
[SourceVersion "1"]
[SourceVersionDate "2017.10.13"]
[SourceQuality "1"]

1. e4 c6 2. d3 d5 3. Nd2 e5 4. Ngf3 Bd6 5. g3 Nf6 6. Bg2 0-0 7. 0-0 Bg4 8. h3 Bh5 9. g4 Bg6 10. Nh4 h6 11. Nxg6 fxg6 12. b3 Na6 13. Bb2 d4 14. Nc4 Bc7 15. a4 Nh7 16. Ba3 c5 17. Bc1 Qh4 18. Qe2 Ng5 19. Kh2 Rf7 20. Bd2 Raf8 21. f3 Ne6 22. Be1 Qe7 23. Bg3 Nf4 24. Qd2 g5 25. Rf2 Nb4 26. Raf1 g6 27. Kh1 1/2-1/2

[Event "Rheinhausen-ch 12th"]
[Site "Duisburg Rheinhausen"]
[Date "2008.01.11"]
[Round "1"]
[White "Menzel, Josef"]
[Black "Schumacher, Peter"]
[Result "1-0"]
[WhiteElo "1892"]
[BlackElo "1508"]
[PlyCount "97"]
[EventDate "2008.01.11"]
[EventType "swiss"]
[EventRounds "7"]
[EventCountry "GER"]
[SourceTitle "EXT 2018"]
[Source "ChessBase"]
[SourceDate "2017.10.13"]
[SourceVersion "1"]
[SourceVersionDate "2017.10.13"]
[SourceQuality "1"]

1. d4 d5 2. c4 e6 3. Nc3 Nf6 4. Bg5 Be7 5. Nf3 0-0 6. e3 Nbd7 7. Rc1 c6 8. Bd3 dxc4 9. Bxc4 Nd5 10. Bxe7 Qxe7 11. 0-0 Nxc3 12. Rxc3 b6 13. Bd3 Bb7 14. Be4 Rac8 15. Qc2 Nf6 16. Bxc6 Bxc6 17. Rxc6 Rxc6 18. Qxc6 Nd5 19. a3 Rd8 20. Rc1 Rd7 21. Qc8+ Rd8 22. Qc2 Rd7 23. h3 h6 24. Ne5 Rc7 25. Qd2 Qd6 26. Rxc7 Qxc7 27. e4 Ne7 28. Qc3 Qd6 29. g3 f6 30. Nf3 Nc6 31. b4 f5 32. exf5 exf5 33. Qc4+ Kh7 34. h4 Ne7 35. Qf7 Qc6 36. Qxe7 Qxf3 37. Qe3 Qc6 38. Qd2 Qd5 39. Qf4 Kg6 40. Qe5 Qe4 41. Qxe4 fxe4 42. Kf1 Kf5 43. Ke2 Ke6 44. Ke3 Kd5 45. g4 g5 46. hxg5 hxg5 47. b5 Kc4 48. Kxe4 Kxb5 49. f4 1-0

[Event "Duesseldorf Nord Cup 7th GrE"]
[Site "Duesseldorf"]
[Date "2007.08.12"]
[Round "5"]
[White "Bolten, Harald"]
[Black "Schumacher, Peter"]
[Result "1/2-1/2"]
[WhiteElo "1462"]
[BlackElo "1484"]
[PlyCount "82"]
[EventDate "2007.08.10"]
[EventType "tourn"]
[EventRounds "5"]
[EventCountry "GER"]
[SourceTitle "EXT 2020"]
[Source "ChessBase"]
[SourceDate "2019.10.17"]
[SourceVersion "1"]
[SourceVersionDate "2019.10.17"]
[SourceQuality "1"]

1. c4 Nf6 2. d4 e6 3. Bg5 d5 4. cxd5 exd5 5. a3 Be7 6. Nf3 Bf5 7. Nc3 Nbd7 8. Bxf6 Nxf6 9. g3 c6 10. Bg2 0-0 11. 0-0 Qd7 12. Re1 Rfe8 13. Ne5 Qc7 14. e4 dxe4 15. Bxe4 Bxe4 16. Nxe4 Nxe4 17. Rxe4 Bd6 18. Qh5 Bxe5 19. Rae1 Qd7 20. dxe5 Rad8 21. Rh4 h6 22. Rg4 Kh7 23. Rf4 g6 24. Qf3 f5 25. g4 Rf8 26. e6 Qe7 27. h4 fxg4 28. Qxg4 Rxf4 29. Qxf4 Rf8 30. Qd4 Rd8 31. Qxa7 Rd2 32. b4 Kg7 33. Qc5 Qxc5 34. bxc5 Kf8 35. e7+ Ke8 36. Re6 Rd4 37. Rxg6 Rxh4 38. Rg8+ Kxe7 39. Rg7+ Ke6 40. Rxb7 Kd5 41. Rb4 Rh5 1/2-1/2